Sitcom sibling trios Quiz Stats

 Plays Quiz not verified by Sporcle

Challenge
Share
Tweet
Embed
Score 0/18 Timer 10:00
0 Plays Today
Siblings Program % Correct
DJ, Stephanie, & MichelleFull House
90.5%
Meg, Chris, & StewieFamily Guy
81.8%
Brad, Randy, & MarkHome Improvement
75.5%
Willis, Kimberly, & ArnoldDiff'rent Strokes
69.1%
Karen, Wayne, & KevinThe Wonder Years
61.4%
Eddie, Laura, & JudyFamily Matters
55.5%
J.J., Thelma, & MichaelGood Times
45.5%
Robbie, Charlene, & BabyDinosaurs
17.3%
Yvette, Marcus, & T.J.Smart Guy
13.6%
Siblings Program % Correct
Kevin, Heather, & WesleyMr. Belvedere
13.2%
Lynn, Brian, & EricALF
11.4%
Quentin, Libby, & PatrickGrace Under Fire
7.7%
David, Willie, & MarkValerie/Valerie's Family/The Hogan Family
5.9%
Melanie, Alfie, & Dee DeeMy Brother and Me
3.6%
Elizabeth, Robin, & CaseyMajor Dad
1.8%
Brian, Angela, & Mary MargaretPhenom
0.9%
Tucker, Cory, & MaggieWhat a Dummy
0.5%
Robbie, Charlie, & BenDavis Rules
0%

You're not logged in!

Compare scores with friends on all Sporcle quizzes.
Join for Free
OR
Log In

You Might Also Like...

Show Comments

Extras

Created Dec 16, 2011ReportNominate
Tags:Sitcom Quiz, TV Show Quiz, family

Top Quizzes Today


Score Distribution

Your Account Isn't Verified!

In order to create a playlist on Sporcle, you need to verify the email address you used during registration. Go to your Sporcle Settings to finish the process.

Report this User

Report this user for behavior that violates our Community Guidelines.

Details: